LIBRARY & INFORMATION CENTRE, KCAET, TAVANUR

ONLINE PUBLIC ACCESS CATALOGUE (OPAC)

Feasibility studies on applicability of low cost materials for farm road construction and slope protection (Record no. 15142)

MARC details
000 -LEADER
fixed length control field 00886nam a22002177a 4500
003 - CONTROL NUMBER IDENTIFIER
control field OSt
088 ## - REPORT NUMBER
Report number P 224
100 ## - MAIN ENTRY--AUTHOR NAME
Personal name DHANYA V
245 ## - TITLE STATEMENT
Title Feasibility studies on applicability of low cost materials for farm road construction and slope protection
260 ## - PUBLICATION, DISTRIBUTION, ETC. (IMPRINT)
Place of publication Tavanur 2011
Name of publisher Kelappaji College of Agricultural Engineering and Technology
300 ## - PHYSICAL DESCRIPTION
Number of Pages 66
500 ## - GENERAL NOTE
General note Feasibility studies on applicability of low cost materials for farm road construction and slope protection
520 ## - SUMMARY, ETC.
Summary, etc Feasibility studies on applicability of low cost materials for farm road construction and slope protection
700 ## - ADDED ENTRY--PERSONAL NAME
Personal name Farooq A. Nizar
700 ## - ADDED ENTRY--PERSONAL NAME
Personal name Rohini R. P
700 ## - ADDED ENTRY--PERSONAL NAME
Personal name Ullas P. K
700 ## - ADDED ENTRY--PERSONAL NAME
Personal name Er. D Sasikala (Guide)
856 ## - ELECTRONIC LOCATION AND ACCESS
Uniform Resource Identifier https://drive.google.com/open?id=1k54-ZDeeRfTWLBJSsWIVJnivIiPDPbQ3
942 ## - ADDED ENTRY ELEMENTS (KOHA)
Koha item type Project Report
Holdings
Collection code Home library Current library Shelving location Full call number Accession Number Koha item type
Reference KAUAET KAUAET Reference 631.587 DHA/FE P 224 Project Report
free website counter